000 00523nam a22001817a 4500
003 CEME
005 20210628203146.0
008 210203b xxu||||| |||| 00| 0 eng d
020 _a9780470128008
040 _c.
082 _a332.64 ORO
100 _aOrol, Ronald D
_963682
245 _aExtreme value hedging , how activist hedge fund managers are taking on the world
260 _aUSA
_bJOHN WILEY & SONS
_c2008
300 _aXXVII, 370P
650 _a1- HEDGE FUNDS , 2- HEDGING FINANCE
_963683
942 _cBK
_2ddc
999 _c572426
_d572426